INTRODUCTION TO MICROBIOLOGY (Record no. 216141)

MARC details
000 -LEADER
fixed length control field 00455nam a22001577a 4500
008 - FIXED-LENGTH DATA ELEMENTS--GENERAL INFORMATION
fixed length control field 251029b |||||||| |||| 00| 0 eng d
020 ## - INTERNATIONAL STANDARD BOOK NUMBER
International Standard Book Number 0534552250
050 ## - LIBRARY OF CONGRESS CALL NUMBER
Classification number QR 41.2 .T46 2000
Item number C.2
100 ## - MAIN ENTRY--PERSONAL NAME
Personal name TEMPLIN M. JAY
245 ## - TITLE STATEMENT
Title INTRODUCTION TO MICROBIOLOGY
Remainder of title STUDY GUIDE FOR INGRAHAM AND INGRAHAM'S
250 ## - EDITION STATEMENT
Edition statement 2ND
260 ## - PUBLICATION, DISTRIBUTION, ETC.
Place of publication, distribution, etc. AUSTRALIA
Name of publisher, distributor, etc. BROOKS/COLE THOMSON LEARNING
Date of publication, distribution, etc. 2000
300 ## - PHYSICAL DESCRIPTION
Extent IV., 270P.
942 ## - ADDED ENTRY ELEMENTS (KOHA)
Source of classification or shelving scheme Library of Congress Classification
Koha item type Long Loan Book
Holdings
Withdrawn status Lost status Source of classification or shelving scheme Damaged status Not for loan Collection Home library Current library Shelving location Date acquired Inventory number Total checkouts Full call number Barcode Date last seen Date last checked out Copy number Price effective from Koha item type
    Library of Congress Classification     Science & Technology Kisii University Library Kisii University Library On Display 10/29/2025 77055 1 QR 41.2 .T46 2000 044106 11/10/2025 10/29/2025 C.2 10/29/2025 Long Loan Book